Statistics for Forrest Gump Quiz

Click here to take the quiz!

General Stats

  • This quiz has been taken 84 times
  • The average score is 13 of 18

Answer Stats

Hint Answer % Correct
Nickname of Benjamin Buford BlueBubba
92%
War that him and Forrest fought in ^Vietnam War
92%
Communist country that Forrest goes to play ping pong inChina
89%
Disease that Forrest's Mother dies fromCancer
86%
What Forrest is told continuously to do when in troubleRun
84%
Forrest's platoon leader and joint company ownerLt. Dan
82%
Forrest's son's nameForrest Gump Jr.
82%
First president that Forrest meetsJohn F. Kennedy
82%
Part of the body where Forrest is shotButtocks
81%
Industry of that company ^Shrimping
78%
White supremacist group that Forrest is named afterKu Klux Klan
74%
Company that they own ^Bubba-Gump
70%
Second president Forrest meetsLyndon B Johnson
67%
Fictional town where Forrest is bornGreenbow, Alabama
66%
Scandal that Forrest accidentally revealsWatergate Scandal
60%
What Forrest is award for his heroism in the warMedal of Honor
52%
What does Forrest brand him and Jenny after talking on the busPeas and Carrots
41%
Jenny's boyfriend that Forrest beats up at the Black Panther partyWesley
11%

Score Distribution

Percentile by Number Answered

Percent of People with Each Score

Your Score History

You have not taken this quiz